000 00802nam a2200193Ii 4500
003 JO-AjNU
008 230605s9999||||xx |||||||||||||| ||und||
040 _aJO-AjNU
_bara
_erda
_cJO-AjNU
041 _aara
050 1 4 _aBF38
100 3 _aتايف مشارقه،محمد زهير /م.مشارك ناصر،يوسف /م.مشارك كبه،جوزيف عبود,
_eauthor
_917830
245 0 0 _aمواضيع في التربية وعلم النفس لشهادة اهلية التعليم الابتدائي
264 3 1 _aحلب:مكتبة الشرق ،د.ت
300 _a163ص
336 _atext
_btxt
_2rdacontent
337 _aunmediated
_bn
_2rdamedia
338 _avolume
_bnc
_2rdacarrier
650 4 _aالتربية و التعليم -- مقالات، محاضرات-علم نفس تربوي
_917831
999 _aA5590
_c9158
_d9158